[Event "Irish International Open 2019"]
[Site "Dublin"]
[Date "2019.04.20"]
[Round "6.16"]
[White "Han, Yichen"]
[Black "Carroll, Peter"]
[Result "1-0"]
[WhiteElo "2190"]
[BlackElo "2006"]
[Annotator "NA"]
[PlyCount "43"]
[EventDate "2019.02.28"]
[EventType "swiss"]
[EventCountry "IRL"]
[SourceTitle "playchess.com"]
[Source "ChessBase"]
[SourceQuality "1"]
[TimeControl "5400+30"]

1. d4 {[%emt 0:00:00]} Nf6 {[%emt 0:00:00]} 2. Bf4 {[%emt 0:00:00]} c6 {[%emt 0:00:22]} 3. Nf3 {[%emt 0:00:59]} g6 {[%emt 0:00:29]} 4. e3 {[%emt 0:02:40]} Bg7 {[%emt 0:01:15]} 5. h3 {[%emt 0:00:19]} O-O {[%emt 0:00:08]} 6. Nbd2 {[%emt 0:00:39]} d6 {[%emt 0:00:26]} 7. Be2 {[%emt 0:00:33]} Nbd7 {[%emt 0:00:08]} 8. O-O {[%emt 0:00:46]} Re8 {[%emt 0:00:08]} 9. Bh2 {[%emt 0:00:42]} e5 {[%emt 0:05:12]} 10. dxe5 {[%emt 0:11:37]} Nxe5 {[%emt 0:02:32]} 11. Nxe5 {[%emt 0:03:23]} dxe5 {[%emt 0:01:08]} 12. Nc4 {[%emt 0:01:49]} Nd5 {[%emt 0:01:10]} 13. a4 {[%emt 0:10:56]} Qg5 {[%emt 0:05:57]} 14. Kh1 {[%emt 0:02:20]} f5 {[%emt 0:04:51]} 15. c3 {[%emt 0:04:12]} f4 {[%emt 0:03:15]} 16. e4 {[%emt 0:08:06]} Nb6 {[%emt 0:02:24]} 17. Nd6 {[%emt 0:02:20]} Rd8 {[%emt 0:01:24]} 18. Qb3+ {[%emt 0:00:48]} Kh8 {[%emt 0:01:14]} 19. Nf7+ {[%emt 0:00:07]} Kg8 {[%emt 0:00:00]} 20. Nh6+ {[%emt 0:00:12]} Kh8 {[%emt 0:00:01]} 21. Qg8+ {[%emt 0:00:20]} Rxg8 {[%emt 0:00:07]} 22. Nf7# {[%emt 0:00:17]} 1-0

[Event "Irish International Open 2019"]
[Site "Dublin"]
[Date "2019.04.20"]
[Round "6.17"]
[White "Duffy, Seamus"]
[Black "Melaugh, Gavin"]
[Result "1-0"]
[WhiteElo "1921"]
[BlackElo "2109"]
[Annotator "TA"]
[PlyCount "136"]
[EventDate "2019.02.28"]
[EventType "swiss"]
[EventCountry "IRL"]
[SourceTitle "playchess.com"]
[Source "ChessBase"]
[SourceQuality "1"]

{[%evp 9,136,-12,0,-9,0,8,0,-44,-18,-38,-38,-42,-48,-45,-4,-47,-52,-54,-52,-43,-49,-63,-68,-123,-54,-66,-66,-108,-89,-125,-120,-109,-102,-89,-104,-209,-109,-221,-133,-147,-120,-181,-191,-170,-157,-153,-146,-170,-160,-137,-156,-147,-164,-295,-281,-266,-122,-100,76,74,29950,29944,6199,7287,5202,6827,6095,6095,1956,1832,1073,1009,866,862,5297,5306,1547,655,387,0,1109,463,1057,1023,855,855,29970,29965,29974,29974,29976,29977,29976,29966,29971,29972,29978,29979,29979,29972,29972,0,29979,29980,29979,29980,29977,29979,29978,29979,29977,29975,29975,29974,29967,29954,5293,2515,29969,29968,29987,29984,29984,29985,29984,29986,29985,29986,29995]} 1. b3 e5 2. Bb2 Nc6 3. e3 Nf6 4. Bb5 Bd6 5. Ne2 O-O 6. Ng3 {A01: Nimzowitsch-Larsen Opening} (6. Na3 e4 7. Nc4 Be7 8. Bxc6 bxc6 9. O-O a5 10. d3 d5 11. Nd2 a4 12. dxe4 Nxe4 13. Nxe4 dxe4 {½-½ (45) Jobava,B (2687)-Yu,Y (2744) Tbilisi 2017}) 6... Ne7 7. O-O c6 8. Be2 {The position is equal.} Bb8 $146 ({Predecessor:} 8... Ng6 9. d3 Bc7 10. Nd2 d5 11. c4 Ne8 12. e4 Nf4 13. Nh5 Nxe2+ 14. Qxe2 {0-1 (56) Mercadal Benejam,J (2140)-Lopez,J (2301) Ciutadella 2008}) 9. d4 e4 $1 10. c4 d5 $1 11. Nc3 Ne8 12. f3 Bxg3 $1 13. hxg3 Nf5 {[%mdl 64] Double Attack} 14. fxe4 Nxe3 15. Qd3 Nxf1 16. Rxf1 ({White should try} 16. cxd5 $15 Nc7 17. Ba3) 16... Nc7 (16... dxe4 $1 $17 17. Nxe4 Nd6) 17. cxd5 cxd5 18. e5 Qe7 19. Rf4 f6 20. Rh4 g6 21. Bf3 Be6 ({Much weaker is} 21... fxe5 $6 22. Nxd5 Nxd5 23. Bxd5+ Be6 24. Ba3 $1 $11 {[%mdl 512]}) 22. Rh6 (22. Bc1 $17) 22... Qg7 ({Black should play} 22... fxe5 $19 23. dxe5 Qg5 {[%mdl 64] Double Attack}) 23. Bc1 (23. Rh4 $17) 23... Rac8 24. Rh4 {intending Bh6.} Qd7 25. exf6 {[#]} (25. a4 $17 {might work better.}) 25... Nb5 $1 $19 {[%mdl 512]} 26. Ne2 (26. Nxb5 Rxc1+) 26... Rxf6 27. Bf4 Nd6 28. Be5 {[#]} Rff8 $1 29. Nf4 {next Nxg6! is good for White.} Nf5 30. Rg4 Rf7 31. Nxg6 (31. Kh2 {keeps fighting.}) 31... hxg6 32. Rxg6+ Ng7 (32... Kf8 $19 {has better winning chances. Hoping for ...Rc1+.} 33. Qd2 Qc6) 33. Qe3 $17 Rc6 $2 (33... Bf5 $17 34. Rd6 Qc7 35. Bxd5 Qc1+ 36. Qxc1 Rxc1+ 37. Kh2 Ne8) 34. Qh6 Bf5 $2 {[%mdl 8192] [#]} (34... Ra6 $16) 35. Bxg7 $1 {[%mdl 512]} Rxg7 {[#]} 36. Bxd5+ $1 {[%mdl 576] Double Attack} Be6 (36... Qxd5 37. Qxg7#) 37. Bxe6+ Rxe6 38. Rxg7+ {[%mdl 64] Overworked Piece} ({Not} 38. Rxe6 Qxd4+ 39. Kh2 Qd7 $18) 38... Qxg7 39. Qxe6+ $18 {[%mdl 4096] Endgame KQ-KQ} Kh7 40. Qe4+ Kg8 41. Kf2 a6 42. Kf3 Qf6+ 43. Qf4 Qc6+ 44. Qe4 Qf6+ $1 45. Ke3 (45. Kg4 $142) 45... Qg5+ (45... Qh6+ $142 46. Kd3 Qd6 47. Qg4+ Kh8 48. Qc8+ Kg7 49. Qxb7+ Kf6 50. Qf3+ Ke7) 46. Qf4 Qe7+ 47. Qe5 Qb4 48. Ke4 Qe1+ 49. Kf5 Qf2+ 50. Kg5 Qxg2 51. d5 Qd2+ 52. Kg6 {[%csl Gg6][%cal Re5g7]} Qd3+ 53. Kf6 Qf3+ 54. Qf5 Qc3+ 55. Qe5 Qf3+ 56. Ke6 Qf7+ 57. Kd6 Qf8+ 58. Kd7 Qf7+ 59. Kd8 Qf2 60. Qe6+ Kg7 61. Qe7+ Kg6 62. Qe8+ Kg7 63. Qd7+ (63. d6 $142 Qb6+ 64. Ke7) 63... Kg8 64. d6 {White mates.} Qxa2 65. Qe6+ Kg7 66. d7 Qa5+ 67. Kc8 Qc5+ 68. Kb8 Qc3 {Accuracy: White = 52%, Black = 39%.} 1-0

[Event "Irish International Open 2019"]
[Site "Dublin"]
[Date "2019.04.20"]
[Round "6.18"]
[White "Hafstad, Leif"]
[Black "Buonanno, Raffaele"]
[Result "0-1"]
[WhiteElo "1857"]
[BlackElo "2091"]
[Annotator "NA"]
[PlyCount "82"]
[EventDate "2019.02.28"]
[EventType "swiss"]
[EventCountry "IRL"]
[SourceTitle "playchess.com"]
[Source "ChessBase"]
[SourceQuality "1"]
[TimeControl "5400+30"]

1. e4 {[%emt 0:00:00]} d6 {[%emt 0:02:55]} 2. d4 {[%emt 0:00:09]} g6 {[%emt 0:00:10]} 3. Nc3 {[%emt 0:00:44]} Bg7 {[%emt 0:00:07]} 4. Be3 {[%emt 0:00:25]} a6 {[%emt 0:00:17]} 5. Qd2 {[%emt 0:01:02]} b5 {[%emt 0:00:09]} 6. h4 {[%emt 0:02:29]} h5 {[%emt 0:00:20]} 7. Nf3 {[%emt 0:06:18]} Bb7 {[%emt 0:00:10]} 8. Ng5 {[%emt 0:01:55]} Nd7 {[%emt 0:00:51]} 9. f3 {[%emt 0:02:16]} Ngf6 {[%emt 0:00:17]} 10. Be2 {[%emt 0:06:23]} e5 {[%emt 0:01:02]} 11. d5 {[%emt 0:06:54]} O-O {[%emt 0:01:04]} 12. g4 {[%emt 0:02:27]} Qe7 {[%emt 0:02:22]} 13. O-O-O {[%emt 0:13:25]} Rac8 {[%emt 0:01:48]} 14. gxh5 {[%emt 0:05:56]} Nxh5 {[%emt 0:00:06]} 15. a4 {[%emt 0:02:00]} b4 {[%emt 0:00:05]} 16. Na2 {[%emt 0:01:39]} a5 {[%emt 0:00:05]} 17. Bb5 {[%emt 0:01:52]} Nc5 {[%emt 0:01:54]} 18. Kb1 {[%emt 0:04:55]} Rfd8 {[%emt 0:01:49]} 19. Nc1 {[%emt 0:02:32]} Qf6 {[%emt 0:08:15]} 20. Qf2 {[%emt 0:07:13]} c6 {[%emt 0:05:24]} 21. dxc6 {[%emt 0:03:49]} Bxc6 {[%emt 0:00:11]} 22. Bxc5 {[%emt 0:00:53]} dxc5 {[%emt 0:00:06]} 23. Rxd8+ {[%emt 0:01:31]} Qxd8 {[%emt 0:00:16]} 24. Bc4 {[%emt 0:00:56]} Be8 {[%emt 0:01:16]} 25. Nd3 {[%emt 0:02:14]} Bf6 {[%emt 0:03:07]} 26. f4 {[%emt 0:02:13]} exf4 {[%emt 0:00:31]} 27. Nxf4 {[%emt 0:00:42]} Nxf4 {[%emt 0:00:11]} 28. Rf1 {[%emt 0:06:27]} Qd4 {[%emt 0:03:34]} 29. Qxd4 {[%emt 0:02:13]} cxd4 {[%emt 0:00:05]} 30. Bxf7+ {[%emt 0:03:04]} Bxf7 {[%emt 0:00:08]} 31. Nxf7 {[%emt 0:00:25]} Kxf7 {[%emt 0:00:06]} 32. Rxf4 {[%emt 0:00:07]} Kg7 {[%emt 0:00:16]} 33. Rf2 {[%emt 0:02:59]} Bxh4 {[%emt 0:00:10]} 34. Rd2 {[%emt 0:00:38]} Bf6 {[%emt 0:00:09]} 35. Ka2 {[%emt 0:01:05]} Be5 {[%emt 0:00:22]} 36. Rf2 {[%emt 0:01:00]} Rf8 {[%emt 0:00:42]} 37. Re2 {[%emt 0:00:24]} Rf3 {[%emt 0:00:06]} 38. Rg2 {[%emt 0:00:53]} Re3 {[%emt 0:00:15]} 39. Rg4 {[%emt 0:00:19]} d3 {[%emt 0:00:29]} 40. cxd3 {[%emt 0:00:06]} Rxd3 {[%emt 0:00:04]} 41. Rg2 {[%emt 0:00:25]} b3+ {[%emt 0:00:06]} 0-1

[Event "Irish International Open 2019"]
[Site "Dublin"]
[Date "2019.04.20"]
[Round "6.20"]
[White "Fox, Anthony"]
[Black "Murphy, Sean"]
[Result "1-0"]
[WhiteElo "2031"]
[BlackElo "1976"]
[Annotator "NA"]
[PlyCount "83"]
[EventDate "2019.02.28"]
[EventType "swiss"]
[EventCountry "IRL"]
[SourceTitle "playchess.com"]
[Source "ChessBase"]
[SourceQuality "1"]
[TimeControl "5400+30"]

1. e4 {[%emt 0:00:00]} c5 {[%emt 0:00:00]} 2. Nc3 {[%emt 0:00:00]} d6 {[%emt 0:00:10]} 3. g3 {[%emt 0:02:22]} g6 {[%emt 0:01:08]} 4. Bg2 {[%emt 0:00:07]} Bg7 {[%emt 0:00:07]} 5. d3 {[%emt 0:00:38]} Nc6 {[%emt 0:00:39]} 6. Be3 {[%emt 0:00:22]} Nf6 {[%emt 0:00:22]} 7. h3 {[%emt 0:00:08]} a6 {[%emt 0:00:30]} 8. Nge2 {[%emt 0:00:56] B26: Closed Sicilian: 3 g3, lines with early Be3} Qc7 {[%emt 0:01:14]} (8... O-O 9. O-O Rb8 10. Qd2 b5 11. f4 Nd7 12. g4 {0-1 (46) Grischuk,A (2779)-Le,Q (2712) Khanty-Mansiysk 2013}) 9. O-O {[%emt 0:01:15]} Bd7 {[%emt 0:04:19]} 10. Qd2 {[%emt 0:01:30]} h6 $146 {[%emt 0:05:40]} ({Predecessor:} 10... O-O 11. g4 e6 12. f4 Rfe8 13. g5 Nh5 14. Bf3 Nd4 15. Bxh5 gxh5 {1-0 (75) Oh,B (1838)-Tamang,D (1529) Hong Kong 2016}) 11. a3 {[%emt 0:04:09]} e6 {[%emt 0:03:05]} 12. Rab1 {[%emt 0:00:28]} Rb8 {[%emt 1:18:46]} 13. b4 {[%emt 0:00:21]} cxb4 {[%emt 0:00:00]} 14. axb4 {[%emt 0:00:07]} b5 {[%emt 0:00:00]} 15. d4 {[%emt 0:02:09]} g5 {[%emt 0:00:00]} 16. f4 {[%emt 0:05:22]} g4 {[%emt 0:00:00]} 17. e5 {[%emt 0:08:21]} gxh3 {[%emt 0:00:00]} 18. Bxh3 {[%emt 0:06:12]} Nd5 {[%emt 0:00:00]} 19. Ne4 {[%emt 0:08:55]} dxe5 {[%emt 0:00:00]} 20. fxe5 {[%emt 0:00:43]} Bf8 {[%emt 0:00:00]} 21. c3 {[%emt 0:00:59]} Bc8 {[%emt 0:00:00]} 22. Nf4 {[%emt 0:00:37]} Be7 {[%emt 0:00:00]} 23. Bg2 {[%emt 0:05:30]} h5 {[%emt 0:00:00]} 24. Qf2 {[%emt 0:01:14]} Nxe3 {[%emt 0:00:00]} 25. Qxe3 {[%emt 0:00:37]} Bb7 {[%emt 0:00:00]} 26. Nd3 {[%emt 0:03:15]} Nd8 {[%emt 0:00:00]} 27. Ndc5 {[%emt 0:02:53]} Bxe4 {[%emt 0:00:00]} 28. Nxe4 {[%emt 0:00:41]} Rc8 {[%emt 0:00:00]} 29. Ra1 {[%emt 0:01:55]} h4 {[%emt 0:00:00]} 30. g4 {[%emt 0:02:32]} Qb6 {[%emt 0:00:00]} 31. Rf2 {[%emt 0:02:48]} Nc6 {[%emt 0:00:00]} 32. Qf3 {[%emt 0:03:05]} Rf8 {[%emt 0:00:00]} 33. g5 {[%emt 0:00:56]} Kd7 {[%emt 0:00:00]} 34. Qf4 {[%emt 0:01:44]} Kc7 {[%emt 0:00:00]} 35. Rfa2 {[%emt 0:04:03]} Nb8 {[%emt 0:00:00]} 36. Kh2 {[%emt 0:01:26]} Kd7 {[%emt 0:00:00]} 37. Bh3 {[%emt 0:00:48]} Qd8 {[%emt 0:00:00]} 38. Rd1 {[%emt 0:05:47]} Rg8 {[%emt 0:00:00]} 39. Rg2 {[%emt 0:04:41]} (39. d5 $142) 39... Rc4 {[%emt 0:00:00]} 40. Qxf7 {[%emt 0:00:35]} (40. Qf5 $4 {[%emt 0:20:24][%mdl 8192]} f6 41. Qxf6 {[%emt 0:00:00]} Qf8 {[%emt 0:02:23]} 42. Qf7 {[%emt 0:00:00]} Kc7 $4 {[%mdl 8192]} (42... Qxf7 $19 43. Rf2 Qg6)) (40. d5 $18 Qf8 41. dxe6+ Kc7 42. exf7) 40... Qf8 {[%emt 0:00:12]} 41. Bxe6+ {[%emt 0:00:30]} Kc7 {[%emt 0:00:30]} 42. Bxc4 {[%emt 0:00:30]} 1-0

[Event "Irish International Open 2019"]
[Site "Dublin"]
[Date "2019.04.20"]
[Round "6.21"]
[White "Murphy, Sean"]
[Black "Lundback, Anders"]
[Result "0-1"]
[WhiteElo "1976"]
[BlackElo "1806"]
[Annotator "NA RC"]
[PlyCount "88"]
[EventDate "2019.02.28"]
[EventType "swiss"]
[EventCountry "IRL"]
[SourceTitle "playchess.com"]
[Source "ChessBase"]
[SourceQuality "1"]
[TimeControl "5400+30"]

1. d4 {[%emt 1:30:30]} Nf6 {[%emt 1:30:30]} 2. Nc3 {[%emt 0:00:30]} d5 {[%emt 0:00:30]} 3. Bf4 {[%emt 0:00:30]} Bf5 {[%emt 0:00:30]} (3... e6 4. Nb5 Na6 5. e3 Be7 6. Nf3 O-O 7. Bd3 c6 8. Nc3 Nb4 9. h3 Nxd3+ 10. cxd3 b6 11. O-O Bb7 {0-1 (40) Rapport,R (2731)-Giri,A (2783) Wijk aan Zee 2019}) 4. f3 {[%emt 0:00:30]} e6 {[%emt 0:00:30]} 5. g4 {[%emt 0:00:30]} Bg6 {[%emt 0:00:30]} 6. h4 {[%emt 0:00:30] D00: 1 d4 d5: Unusual lines} h6 {[%emt 0:00:30]} 7. e3 {[%emt 0:00:30]} Bd6 {[%emt 0:00:30]} 8. Nh3 {[%emt 0:00:30]} a6 {[%emt 0:00:30]} 9. Bd3 {[%emt 0:00:30]} Bxd3 {[%emt 0:00:30]} 10. Qxd3 {[%emt 0:00:30]} Nc6 {[%emt 0:00:30]} 11. a3 $146 {[%emt 0:00:30]} ({Predecessor:} 11. O-O-O) 11... Qe7 {[%emt 0:00:30]} 12. Bxd6 {[%emt 0:00:30]} Qxd6 {[%emt 0:00:30]} 13. O-O-O {[%emt 0:00:30]} O-O-O {[%emt 0:00:30]} 14. Nf4 {[%emt 0:00:30]} g5 {[%emt 0:00:30]} 15. Nfe2 {[%emt 0:00:30]} Kb8 {[%emt 0:00:30]} 16. Rh3 {[%emt 0:00:30]} Rhg8 {[%emt 0:00:30]} 17. hxg5 {[%emt 0:00:30]} hxg5 {[%emt 0:00:30]} 18. Rdh1 {[%emt 0:00:30]} Ne7 {[%emt 0:00:30]} 19. Na4 {[%emt 0:00:30]} Ka7 {[%emt 0:00:30]} 20. Nc5 {[%emt 0:00:30]} Ng6 {[%emt 0:00:30]} 21. Ng3 {[%emt 0:00:30]} Rh8 {[%emt 0:00:30]} 22. Rxh8 {[%emt 0:00:30]} Rxh8 {[%emt 0:00:30]} 23. Rxh8 {[%emt 0:00:30]} Nxh8 {[%emt 0:00:30]} 24. Nh5 {[%emt 0:00:30]} Qe7 {[%emt 0:00:30]} 25. b4 {[%emt 0:00:30]} Nd7 {[%emt 0:00:30]} 26. Nb3 {[%emt 0:00:30]} Nb6 {[%emt 0:00:30]} 27. Na5 {[%emt 0:00:30]} Ng6 {[%emt 0:00:30]} 28. c4 {[%emt 0:00:30]} dxc4 {[%emt 0:00:30]} 29. Nxc4 {[%emt 0:00:30]} Nxc4 {[%emt 0:00:30]} 30. Qxc4 {[%emt 0:00:30]} b6 {[%emt 0:00:30]} 31. Kd2 {[%emt 0:00:30]} Qd6 {[%emt 0:00:30]} 32. Nf6 {[%emt 0:00:30]} Kb7 {[%emt 0:00:30]} 33. Ne4 {[%emt 0:00:30]} Qh2+ {[%emt 0:00:30]} 34. Qe2 {[%emt 0:00:30]} Qh4 {[%emt 0:00:30]} 35. a4 {[%emt 0:00:30]} f5 {[%emt 0:00:30]} 36. Nf2 {[%emt 0:00:30]} Qg3 {[%emt 0:00:30]} 37. Nd3 $11 {[%emt 0:00:30]} Qd6 {[%emt 0:00:30]} 38. Qd1 {[%emt 0:00:30]} Ne7 {[%emt 0:00:30]} 39. Qb3 {[%emt 0:00:30]} Nd5 {[%emt 0:00:30]} 40. b5 {[%emt 0:00:30]} a5 {[%emt 0:00:30]} 41. Ne5 {[%emt 0:00:30]} fxg4 {[%emt 0:00:30]} 42. fxg4 {[%emt 0:00:30]} Qf8 {[%emt 0:00:30]} 43. Ke2 {[%emt 0:00:30]} Qh8 {[%emt 0:00:30]} 44. Qd1 {[%emt 0:00:30]} Nc3+ {[%emt 0:00:30]} 0-1

[Event "Irish International Open 2019"]
[Site "Dublin"]
[Date "2019.04.20"]
[Round "6.22"]
[White "Schmitz, Manuela"]
[Black "Halvorsen, Benjamin"]
[Result "1/2-1/2"]
[WhiteElo "1968"]
[BlackElo "1767"]
[Annotator "NA RC"]
[PlyCount "122"]
[EventDate "2019.02.28"]
[EventType "swiss"]
[EventCountry "IRL"]
[SourceTitle "playchess.com"]
[Source "ChessBase"]
[SourceQuality "1"]
[TimeControl "5400+30"]

1. d4 {[%emt 0:00:00]} f5 {[%emt 0:00:00]} 2. Qd3 {[%emt 0:00:00]} d5 {[%emt 0:03:12]} 3. Nf3 {[%emt 0:00:44]} Nf6 {[%emt 0:02:05]} 4. Bf4 {[%emt 0:01:07]} e6 {[%emt 0:01:03]} 5. Nbd2 {[%emt 0:03:06]} Be7 {[%emt 0:00:54]} 6. h3 {[%emt 0:01:56]} b6 {[%emt 0:03:16]} 7. Ne5 {[%emt 0:02:47]} c5 {[%emt 0:10:57]} 8. c3 {[%emt 0:06:03]} O-O {[%emt 0:00:57]} 9. g4 {[%emt 0:02:47]} Ne4 {[%emt 0:01:23]} 10. e3 {[%emt 0:03:22]} Ba6 {[%emt 0:02:40]} 11. Qc2 {[%emt 0:00:31]} Bxf1 {[%emt 0:02:43]} 12. Rxf1 {[%emt 0:00:13]} Bh4 {[%emt 0:00:48]} 13. Nxe4 {[%emt 0:00:47]} fxe4 {[%emt 0:11:42]} 14. O-O-O {[%emt 0:01:33]} Nd7 {[%emt 0:02:59]} 15. Nxd7 {[%emt 0:04:24]} Qxd7 {[%emt 0:00:09]} 16. Qe2 {[%emt 0:00:08]} Qa4 {[%emt 0:12:17]} 17. Kb1 {[%emt 0:00:45]} Be7 {[%emt 0:05:25]} 18. f3 {[%emt 0:00:47]} exf3 {[%emt 0:02:09]} 19. Rxf3 {[%emt 0:02:12]} c4 {[%emt 0:04:10]} 20. Rdf1 {[%emt 0:00:52]} b5 {[%emt 0:00:56]} 21. Qc2 {[%emt 0:02:35]} Qxc2+ {[%emt 0:02:33]} 22. Kxc2 {[%emt 0:00:04]} a5 {[%emt 0:02:24]} 23. Bg3 {[%emt 0:01:23]} Rxf3 {[%emt 0:00:58]} 24. Rxf3 {[%emt 0:00:05]} Ra7 {[%emt 0:02:45]} 25. Be1 {[%emt 0:02:04]} b4 {[%emt 0:01:44]} 26. e4 {[%emt 0:01:02]} Rb7 {[%emt 0:01:12]} 27. exd5 {[%emt 0:02:38]} exd5 {[%emt 0:00:24]} 28. Rf5 {[%emt 0:00:13]} Rb5 {[%emt 0:00:35]} 29. b3 {[%emt 0:02:22]} cxb3+ {[%emt 0:03:09]} 30. axb3 {[%emt 0:00:19]} bxc3 {[%emt 0:00:22]} 31. Bxc3 {[%emt 0:00:12]} g6 {[%emt 0:01:40]} 32. Re5 {[%emt 0:00:15]} Kf7 {[%emt 0:00:25]} 33. Re1 {[%emt 0:01:29]} Bb4 {[%emt 0:04:35]} 34. Re5 {[%emt 0:05:24]} h6 {[%emt 0:01:59]} 35. h4 {[%emt 0:00:51]} Be7 {[%emt 0:01:13]} 36. h5 {[%emt 0:03:19]} Bg5 {[%emt 0:01:22]} 37. hxg6+ {[%emt 0:01:27]} Kxg6 {[%emt 0:00:02]} 38. Re6+ {[%emt 0:00:17]} Kg7 {[%emt 0:01:23]} 39. Ra6 {[%emt 0:00:55]} Bd8 {[%emt 0:00:12]} 40. Rc6 {[%emt 0:01:49]} ({White should try} 40. Ra8 $16 Bf6 41. Rxa5 Rxa5 42. Bxa5) 40... Rb6 {[%emt 0:04:51]} 41. Rc5 {[%emt 0:01:25]} Rd6 {[%emt 0:00:05]} 42. Bxa5 {[%emt 0:00:59]} Bf6 {[%emt 0:00:08]} (42... Kg6 $16 {is a better defense.}) 43. Kd3 {[%emt 0:01:22]} Kg6 {[%emt 0:00:08]} (43... Bd8 $142 44. Bd2 Kg6) 44. Bd2 {[%emt 0:04:14]} (44. Bc7 $18 Re6 45. Rxd5) 44... Bg5 {[%emt 0:00:07]} 45. Be3 $2 {[%emt 0:03:07]} (45. b4 $18) 45... Bxe3 {[%emt 0:05:12]} (45... Rb6 $11 46. Bxg5 Kxg5) 46. Kxe3 {[%emt 0:00:06]} Kg5 {[%emt 0:00:06]} 47. Kf3 {[%emt 0:00:13]} Kh4 {[%emt 0:00:16] [#]} 48. b4 $2 {[%emt 0:00:44]} (48. Kf4 $1 $18) 48... Rf6+ {[%emt 0:00:10]} 49. Kg2 {[%emt 0:00:19]} Rd6 {[%emt 0:00:08]} 50. b5 {[%emt 0:00:25]} Kxg4 {[%emt 0:01:55]} 51. Rc6 {[%emt 0:00:55]} Rd8 {[%emt 0:00:06]} 52. Rxh6 {[%emt 0:04:25]} Rb8 {[%emt 0:00:09]} 53. b6 {[%emt 0:00:11]} Kf4 {[%emt 0:00:03]} 54. Re6 {[%emt 0:01:08]} Kf5 {[%emt 0:01:24]} 55. Re5+ {[%emt 0:00:08]} Kf4 $11 {[%emt 0:00:05]} 56. Rxd5 {[%emt 0:04:57]} Rxb6 {[%emt 0:00:08]} 57. Rd8 {[%emt 0:01:26]} Rb2+ {[%emt 0:01:04]} 58. Kh3 {[%emt 0:00:25]} Rb3+ {[%emt 0:00:10]} 59. Kg2 {[%emt 0:00:20]} Rd3 {[%emt 0:00:59]} 60. Kf2 {[%emt 0:00:38]} Ke4 {[%emt 0:00:14]} 61. Ke2 {[%emt 0:00:13]} Rxd4 {[%emt 0:04:20]} 1/2-1/2

[Event "Irish International Open 2019"]
[Site "Dublin"]
[Date "2019.04.20"]
[Round "6.23"]
[White "Cafolla, Peter"]
[Black "Putar, Leon"]
[Result "0-1"]
[WhiteElo "1949"]
[BlackElo "1549"]
[Annotator "NA"]
[PlyCount "74"]
[EventDate "2019.02.28"]
[EventType "swiss"]
[EventCountry "IRL"]
[SourceTitle "playchess.com"]
[Source "ChessBase"]
[SourceQuality "1"]
[TimeControl "5400+30"]

1. d4 {[%emt 0:00:00]} Nf6 {[%emt 0:00:00]} 2. c4 {[%emt 0:00:00]} g6 {[%emt 0:00:28]} 3. Nc3 {[%emt 0:00:00]} d5 {[%emt 0:00:24]} 4. Bg5 {[%emt 0:00:16]} c6 {[%emt 0:01:53]} 5. Bxf6 {[%emt 0:00:52]} exf6 {[%emt 0:00:33]} 6. cxd5 {[%emt 0:00:08] D80: Grünfeld: Unusual White 4th moves and 4 Bg5} cxd5 {[%emt 0:00:23]} 7. e3 {[%emt 0:00:34]} (7. Qb3 Nc6 8. e3 Bb4 9. Nge2 O-O 10. a3 Qa5 11. Rc1 Bxc3+ 12. Nxc3 Rd8 {1-0 (53) Martinovic,S (2554)-Deris,A (1993) Zagreb 2018}) 7... Bg7 {[%emt 0:00:55]} 8. Qb3 {[%emt 0:00:16]} Be6 {[%emt 0:13:16]} 9. Qxb7 {[%emt 0:03:12]} Nd7 {[%emt 0:00:12]} 10. Bb5 {[%emt 0:00:27]} O-O {[%emt 0:09:17]} 11. Bxd7 $146 {[%emt 0:00:27]} ({Predecessor:} 11. Nge2 Nb6 12. Qa6 f5 13. O-O {1-0 (32) Steffen,K (2048)-Pleyer,F (1955) Bayern 2009}) 11... Rb8 {[%emt 0:00:19]} 12. Qc6 {[%emt 0:00:51]} Bxd7 {[%emt 0:00:20]} 13. Qxd5 {[%emt 0:00:30]} Rxb2 {[%emt 0:00:08]} 14. Nge2 {[%emt 0:00:41]} Qe7 {[%emt 0:01:20]} 15. O-O {[%emt 0:02:04]} Be6 {[%emt 0:00:15]} 16. Qa5 {[%emt 0:02:31]} Bc4 {[%emt 0:00:48]} 17. Rfe1 {[%emt 0:00:29]} Rc8 {[%emt 0:05:28]} 18. Rac1 {[%emt 0:02:32]} Bh6 {[%emt 0:01:17]} 19. Ng3 {[%emt 0:05:42]} f5 {[%emt 0:10:35]} 20. Rcd1 {[%emt 0:07:12]} Qd6 {[%emt 0:14:42]} 21. Qxa7 {[%emt 0:03:05]} f4 {[%emt 0:00:42]} 22. Nge4 {[%emt 0:00:35]} Qb4 {[%emt 0:00:41]} 23. a3 {[%emt 0:03:49]} Qb3 {[%emt 0:00:47]} 24. Qa4 {[%emt 0:03:26]} Qb8 {[%emt 0:01:20]} 25. Nc5 {[%emt 0:05:48]} fxe3 {[%emt 0:00:34]} 26. fxe3 {[%emt 0:00:26]} Bb3 {[%emt 0:00:28]} 27. Nxb3 {[%emt 0:00:37]} Rxc3 {[%emt 0:00:06]} 28. Nc5 {[%emt 0:02:36]} Rxe3 {[%emt 0:01:23]} 29. Qc6 {[%emt 0:05:46]} Bf4 {[%emt 0:05:57]} 30. Rxe3 {[%emt 0:05:36]} Bxe3+ {[%emt 0:00:10]} 31. Kh1 {[%emt 0:00:09]} Bxd4 {[%emt 0:00:29]} 32. Qd5 {[%emt 0:01:12]} Rd2 {[%emt 0:00:44]} 33. Rf1 {[%emt 0:00:48]} Qf4 {[%emt 0:03:42]} 34. Rb1 {[%emt 0:18:20]} Be5 {[%emt 0:01:54]} 35. Qa8+ {[%emt 0:00:25]} Kg7 $19 {[%emt 0:00:14]} 36. g3 {[%emt 0:02:23] [#]} Rxh2+ $1 {[%emt 0:00:20] Remove Defender} 37. Kxh2 {[%emt 0:00:13]} Qxg3+ {[%emt 0:00:03]} 0-1